Регионална библиотека "Любен Каравелов" - Русе

Шедевры живописи музеев СССР (Запис номер 210901)

MARC детайли
000 -Лидер
Контролно поле с фиксирана дължина 01594nkm a2200373 c 4500
003 - Код на организацията, давaща контролен номер
Контролно поле BLK
005 - Дата и час на последна редакция
Контролно поле 20180422121117.0
008 - Елементи от данни с фиксирана дължина
fixed length control field 180412b bul rap|r|||| r0| ||bulo|
010 ## - Наследен системен номер
LC control number KNG00173570000
040 ## - Източник на каталожния запис
Идентификатор на билиотеката - собственик на записа BLK
041 ## - Код за език
Код за езика на текст/звукозапис или на отделно заглавие Руски
Код за езика КДБФ Руски
Други езици Английски
080 ## - УДК
Текстов определител УДК Живопис
УДК код - определител по УДК 75
УДК определител (470):069
УДК - код + определител 75(470):069
139 ## - Редно поле
Редна дума Шедевры живописи музеев СССР
Авторски знак Шевч - Ш 47
245 10 - Сведения за заглавието
Заглавие Шедевры живописи музеев СССР
Подзаглавни данни Вып. 1 -
Редно поле (дума) авт.-состав. Николай Евграфович Григорович.
Том Вып. 3
Заглавие на том Русское искусство XIX - начала XX века
246 11 - Различни форми на заглавието
Паралелно заглавие Masterpieces of Painting in the Museums of the USSR
257 ## - Страна на издаване
Страна на създаване/издаване СССР
260 ## - Област на издателските данни
-- Москва
Име на издателя, разпространителя и проч. Гознак
Година на издаване 1974 -
300 ## - Физическа характеристика
Размери/Мащаб 31 см
380 ## - Жанр
Жанр Изкуство
650 #4 - Допълнително описание по предмет – тема
Основно описание – тема или топоним Живопис, руска
9 (RLIN) 278366
650 #4 - Допълнително описание по предмет – тема
Основно описание – тема или топоним Живопис - галерии, изложби, колекции и музеи
9 (RLIN) 254628
651 #4 - Допълнително описание по предмет - топоним
Географско понятие Русия
9 (RLIN) 179465
653 ## - Ключова дума – ненормативна
Ключова дума руска живопис
653 ## - Ключова дума – ненормативна
Ключова дума музеи
653 ## - Ключова дума – ненормативна
Ключова дума XIX в.
653 ## - Ключова дума – ненормативна
Ключова дума XX в.
700 1# - Други автори (авторска отговорност)
Лично име Григорович, Николай Евграфович
Автороска отговорност (Описва отношението между автора и произведението) авт.-состав.
9 (RLIN) 387293
760 1# - Описание на основната серия
Място на издаване, издател и година 1978
Страници - том 158 с. : с ил.
Забележка - том Библиогр. с. 154. - Анотации. - Списък на репрод. - 50 000 тир.
Заглавие Вып. 3 Русское искусство XIX - начала XX века
852 ## - Местоположение
Форматна сигнатура Цб Гр А ІІ 2162
856 4# - Електронен адрес и достъп
Електронен формат pdf - файл
Път до файла /url/
856 4# - Електронен адрес и достъп
Електронен формат pdf - файл
Път до файла /url/
942 ## - АРТИКУЛИ
Вид на библиотечния материал Графични издания
Скрит в OPAC Не
944 ## - СЪЗДАВАНЕ И РЕДАКЦИЯ на ЗАПИСА
Създаване/Редакция Създаване
Дата на регистрацията/редакция 30.03.2015
Служител, извършил регистрацията/редакцията Камелия_Данева
944 ## - СЪЗДАВАНЕ И РЕДАКЦИЯ на ЗАПИСА
Създаване/Редакция Редакция
Дата на регистрацията/редакция 07.04.2015
Служител, извършил регистрацията/редакцията Ирена_Линкова
999 ## - СИСТЕМНИ КОНТРОЛНИ НОМЕРА
Koha biblionumber 210901
Koha biblioitemnumber 210901
Наличности
Код за отписване Код за изгубен артикул Източник на класификационната схема Код за повреда Коз за рестрикции Код за отдаване Артикулен № Име на библиотеката - собственик Име на библиотеката, в която се намира в момента Статус (Текущо местоположение) Дата на вписване в системата Местоположение - отдел Цена в лева Инвентарен номер Систематично азбучна сигнатура Баркод Номер на екземпляра Цена в евро Служебна бележка Служебен тип на артикула
Изтеглен Не е изгубен Universal Decimal Classification Не е повреден без рестрикции заемане за дома 362659 Регионална библиотека "Любен Каравелов" Русе Регионална библиотека "Любен Каравелов" Русе Отдел Изкуство - подръчен фонд 1978-01-01 Отдел Изкуство - подръчен фонд 8.00 334218 75/Ш 47 334218 1 4.09 Дост: Pk Вид: Ф N: стар фонд Дата: 01.01.1978 Графични издания
  Не е изгубен Universal Decimal Classification Не е повреден без рестрикции заемане за дома 362660 Регионална библиотека "Любен Каравелов" Русе Регионална библиотека "Любен Каравелов" Русе Отдел Изкуство - подръчен фонд 1978-01-01 Отдел Изкуство - подръчен фонд 10.00 539779 75/Ш 47 120000539779 2 5.11 Дост: Pk Вид: Ф N: стар фонд Дата: 01.01.1978 Графични издания
Vip Innovations Ltd, Rousse, Bulgaria 2025